01136nam a2200193Ia 4500001001100000003001000011008004100021040002500062041001300087100002500100245002600125250001100151260008400162300002700246500026200273501011400535520026200649650003100911L239-11723IT-CnALBA170116s9999||||xx |||||||||||||| ||und|| aIT-CnALBAcIT-CnALBA aITALIANO aCARNELUTTI FRANCESCO 0aSCIENZA E CIVILTÀ.  a1a ed. a ROMA. VERONAbSTUDIUM EDITRICE c1951 [1° Ed.:1951 - Ed.Ling.Originale: 1951] a268 p. (prefazione: 5) aCOAUTORI. PARETI L. GALLI G. CAPOCACCIA A. MENEGAZZI G. GENTILE M. MEDI E. SCIENZA E CIVILTÀ. RELIGIONE NEL QUATERNARIO. CIVILIZZAZIONE ROMANA. PRECURSORI DELLA SCIENZA NUOVA. DA GALILEO ALL'ERA ATOMICA. ORDINE FISICO E MORALE. SCIENZA E SOCIOLOGIA. UMANE aSocietà San Paolo EM - Piazza San Paolo, 14 - 12051 ALBA (CN) (non commercial uses only) ® Copyright 2017 aCOAUTORI. PARETI L. GALLI G. CAPOCACCIA A. MENEGAZZI G. GENTILE M. MEDI E. SCIENZA E CIVILTÀ. RELIGIONE NEL QUATERNARIO. CIVILIZZAZIONE ROMANA. PRECURSORI DELLA SCIENZA NUOVA. DA GALILEO ALL'ERA ATOMICA. ORDINE FISICO E MORALE. SCIENZA E SOCIOLOGIA. UMANE aAPOLOGETICA E CONTROVERSIE